000 00534nam a2200217Ia 4500
003 OSt
005 20220916111058.0
006 a|||||r|||| 00| 0
007 ta
008 220915b |||||||| |||| 00| 0 eng d
024 _a248668
037 _cTextbook
040 _beng
_aARTS
_cARTS
041 _aeng
082 _aV2.71, L6
245 0 _aAntiquities and art treasures
260 _aNew Delhi
_bA Nabhi Publication India
300 _a40p.
_ccm.
942 _hV2.71, L6
_cTB
_2CC
999 _c105118
_d105118